000 00382nam a2200133Ia 4500
005 20260328101446.0
008 260328s9999||||xx |||||||||||||| ||und||
100 _aBerman, Marshall
245 0 _aTodo Lo Solido Se desvanece En El Aire :
_b La experiencia de la Modernidad /
_cMarshall Berman
260 _bSiglo Veintiuno
300 _a386 p.
650 _aARQUITECTURA
942 _cBK
999 _c8456
_d8456